| 000 | 01104nam a22003377a 4500 | ||
|---|---|---|---|
| 003 | CHAP | ||
| 005 | 20220329134130.0 | ||
| 008 | 971013s1981 r 00010 d | ||
| 010 | _a15895 | ||
| 011 | _a16867 | ||
| 035 | _a20949 | ||
| 040 | _cCHAP | ||
| 082 |
_a595.701 _bB5 |
||
| 100 | 0 | 0 |
_aBhaskara, Govindan _eed. _912151 |
| 245 | _aCurrent topics in insect endrocrinology and nutriton | ||
| 260 |
_aNew York : _bPlenum, _c1981 |
||
| 300 |
_a362 p. _b: ilus. |
||
| 590 |
_aBATCH-UPD _b10 _c20130110 _lUCH01 _h0244 |
||
| 590 |
_aBATCH-UPD _b10 _c20130110 _lUCH01 _h1925 |
||
| 590 |
_aBATCH-UPD _b10 _c20130410 _lUCH01 _h1250 |
||
| 590 |
_aBATCH-UPD _b10 _c20130914 _lUCH01 _h0613 |
||
| 590 |
_aBATCH-UPD _b10 _c20130914 _lUCH01 _h2122 |
||
| 590 |
_aCONVERSION _b10 _c20130109 _lUCH01 _h1310 |
||
| 650 | 1 | 4 |
_aInsectos _xAlimentación. _958889 |
| 650 | 1 | 4 |
_aInsectos _xAnatomía y fisiología. _958891 |
| 700 | 0 |
_aFriedman, Stanley. _943299 |
|
| 700 | 0 |
_aRodríguez, J. G. _998995 |
|
| 901 | _aBK | ||
| 942 | _cLIBRO | ||
| 949 |
_a595.701 B5 _bBC _cLIBRO _d33724000366068 _eLIBRO _gI. 125144 _h64545 _i20949 _si _t13.98 |
||
| 999 |
_c15895 _d15895 |
||